000 00674nam a2200265Ia 4500
005 20260302115217.0
008 008 260114s9999 xx 000 0 eng d
020 _a9781350486706
037 _aTextbook
040 _aCRL
040 _beng
040 _cCRL
041 _2eng
041 _aeng
084 _qCRL
100 _aJago Morrison
_91121006
245 4 _aThe Fiction of Chinua Achebe
260 _bBloomsbury
260 _bBloomsbury Academic
260 _c2009
650 _aLiterary Studies
856 _uhttps://doi.org/10.1007/978-1-137-12204-9?locatt=label:secondary_bloomsburyCollections
942 _cEBOOK
999 _c1685364
_d1685364